| 000 | 01027cab a22002415a 4500 | ||
|---|---|---|---|
| 001 | L143090 | ||
| 008 | 080407e20080405xxk f 000 0 eng d | ||
| 035 | _a(Sirsi) u143090 | ||
| 041 | 0 | _aeng | |
| 100 | 1 | _aMeadwell, Stacey | |
| 245 | 0 | 0 |
_aFocus _bLondon and midtown |
| 260 | _c2008 | ||
| 490 |
_aEstates Gazette _v(0813) 5 April 2008, 96-111(12) |
||
| 520 | _aReports on a significant new office design at a major legal firm's new offices. Considers statistics for the first quarter of 2008 and the extent to which they herald a downtown in the market. Profiles the relatively buoyant midtown office market. Examines the regeneration of King's Cross and Euston. Looks at the trend for landlords to increase earnings with ground-floor shops in mixed-use midtown schemes. | ||
| 590 | _aKA | ||
| 651 | 4 | _aLondon | |
| 690 | _aPROPERTY-COMMERCIAL PROPERTY-COMMERCIAL PROPERTY MARKET | ||
| 700 | 1 | _aCunningham, Daniel | |
| 700 | 1 | _aRobson, Claire | |
| 700 | 1 | _aNorman, Paul | |
| 700 | 1 | _aCavanagh, Elaine | |
| 942 | _n0 | ||
| 999 |
_c80054 _d80054 |
||